Memorias sobre la producción de los montes públicos de Filipinas en los años económicos de 1874-75 y 1875-76 elevadas... / (Record no. 150894)

MARC details
000 -LEADER
campo de control de longitud fija 00656nam a2200169 i 4500
001 - NÚMERO DE CONTROL
campo de control 150894
003 - IDENTIFICADOR DE NÚMERO DE CONTROL
campo de control ES-MaACL
005 - FECHA Y HORA DE LA ÚLTIMA TRANSACCIÓN
campo de control 20230906203742.0
007 - CAMPO FIJO DE DESCRIPCIÓN FÍSICA--INFORMACIÓN GENERAL
campo de control de longitud fija t|
008 - DATOS DE LONGITUD FIJA--INFORMACIÓN GENERAL
campo de control de longitud fija 071116s1879 sp ||||1| spa d
100 1# - ENTRADA PRINCIPAL--NOMBRE DE PERSONA
Nombre de persona Jordana y Morera, Ramón.
9 (RLIN) 66937
245 10 - MENCIÓN DEL TÍTULO
Título Memorias sobre la producción de los montes públicos de Filipinas en los años económicos de 1874-75 y 1875-76 elevadas... /
Mención de responsabilidad, etc. por Ramón Jordana y Morera.
260 ## - PUBLICACIÓN, DISTRIBUCIÓN, ETC.
Lugar de publicación, distribución, etc. Madrid :
Nombre del editor, distribuidor, etc. [s.n.],
Fecha de publicación, distribución, etc. 1879 (
Fabricante Imp. Ramon Moreno y Ricardo Rojas)
300 ## - DESCRIPCIÓN FÍSICA
Extensión 65 p. ;
Dimensiones 23 cm.
650 #4 - PUNTO DE ACCESO ADICIONAL DE MATERIA--TÉRMINO DE MATERIA
Término de materia o nombre geográfico como elemento de entrada Montes públicos-
Subdivisión geográfica Filipinas.
9 (RLIN) 139330
852 ## - LOCALIZACIÓN
Ubicación ES-MaACL
Número de control de estantería G-9533(13)
condición física . - Encuadernado con otras obras
Holdings
Estatus retirado Estado de pérdida Estado de daño No para préstamo Colección Biblioteca de origen Biblioteca actual Ubicación en estantería Fecha de adquisición Fuente de adquisición Total de préstamos Signatura topográfica completa Código de barras Visto por última vez Precio de reemplazo Tipo de ítem Koha
        Libros del s. XIX Biblioteca del Ateneo de Madrid Biblioteca del Ateneo de Madrid Sala Pecera Planta 3 17/01/2008     G-9533(13) 1157453 23/02/2023 23/02/2023 Libro impreso antiguo